[Event "Druzynowe Mistrzostwa Polski Juniorow - II Liga"]
[Site "Iwonicz"]
[Date "2016-07-31"]
[Round "4.68"]
[White "Drabek, Jan"]
[Black "Radecki, Adam"]
[Result "1/2-1/2"]
[WhiteTitle "I"]
[BlackTitle "I"]
[WhiteElo "1727"]
[BlackElo "1595"]

1. e4 c5 2. Nf3 e6 3. d4 cxd4 4. Nxd4 Qb6 5. Nb3 a6 6. Be3 Qc7 7. Bd3 b5 8. O-O
Bb7 9. Nc3 Nf6 10. a3 d6 11. Kh1 Be7 12. f4 Nbd7 13. Qf3 Nc5 14. Nxc5 dxc5 15.
Rad1 O-O 16. Rfe1 Rfd8 17. Bf2 Rac8 18. Bg3 Qc6 19. f5 exf5 20. Qxf5 c4 21. Be2
Nxe4 22. Rxd8+ Rxd8 23. Nxe4 Qxe4 24. Qxe4 Bxe4 25. Bxc4 Bxc2 26. Bxb5 axb5 27.
Rxe7 Rd1+ 28. Re1 Rxe1+ 29. Bxe1 Kf8 30. Kg1 Ke7 31. Kf2 Ke6 32. Ke3 Kd5 33. Kd2
Be4 34. g3 Kc4 35. Ke3 Bd5 36. Kf4 h5 37. Ke5 g6 38. b3+ Kc5 39. Bf2+ Kc6 40.
b4 Bb3 1/2-1/2

[Event "Druzynowe Mistrzostwa Polski Juniorow - II Liga"]
[Site "Iwonicz"]
[Date "2016-07-31"]
[Round "4.69"]
[White "Panek, Bartosz"]
[Black "Jaszczuk, Mateusz"]
[Result "1/2-1/2"]
[WhiteTitle "II+"]
[BlackTitle "II"]
[WhiteElo "1679"]
[BlackElo "1337"]

1. e4 c5 2. c3 Nc6 3. d4 cxd4 4. cxd4 d6 5. Nc3 g6 6. Be3 Bg7 7. Rc1 Nf6 8. d5
Ne5 9. Nb5 O-O 10. Nc7 Rb8 11. Bxa7 Ra8 12. Bb6 Rb8 13. Qb3 Ned7 14. Bd3 Nxb6
15. Qxb6 Bd7 16. Ne2 Ne8 17. O-O Rc8 18. Qxb7 Rxc7 19. Rxc7 Qxc7 20. Qxc7 Nxc7
21. b4 Bb5 22. Bxb5 Nxb5 23. a4 Nc3 24. Nxc3 Bxc3 25. Rb1 Rb8 26. b5 Ba5 27. Rc1
Kg7 28. Kf1 Bb6 29. Rc6 Bc5 30. Ra6 Kf8 31. Ke2 Ke8 32. f3 Kd8 33. Kd3 Rb7 34.
Kc4 Ra7 35. Rxa7 Bxa7 1/2-1/2

[Event "Druzynowe Mistrzostwa Polski Juniorow - II Liga"]
[Site "Iwonicz"]
[Date "2016-07-31"]
[Round "4.70"]
[White "Guzik, Michal"]
[Black "Piechota, Kamil"]
[Result "0-1"]
[WhiteTitle "II"]
[BlackTitle "II"]
[WhiteElo "1299"]
[BlackElo "1337"]

1. e4 e5 2. Nf3 Nc6 3. Bb5 a6 4. Ba4 Nf6 5. Nc3 b5 6. Bb3 Be7 7. d3 d6 8. Be3 Na5
9. Bd5 c6 10. Bb3 Nxb3 11. cxb3 Bg4 12. h3 Bh5 13. Rc1 O-O 14. Nb1 c5 15. Nbd2
Rc8 16. O-O d5 17. g4 dxe4 18. dxe4 Bg6 19. Qc2 Qc7 20. b4 c4 21. a3 Rfd8 22.
Rfd1 h6 23. Nh4 Bxe4 24. Nxe4 Nxe4 25. Qxe4 Bxh4 26. Qc2 Be7 27. a4 Bxb4 28. axb5
axb5 29. Rxd8+ Rxd8 30. Ra1 Bc5 31. Bd2 Qb6 32. Rf1 Qd6 33. Ba5 Bb6 34. Bxb6 Qxb6
35. Qc3 Qd4 36. Qb4 Qd5 37. Re1 Qd2 38. Qxd2 Rxd2 39. Rxe5 Rxb2 0-1

[Event "Druzynowe Mistrzostwa Polski Juniorow - II Liga"]
[Site "Iwonicz"]
[Date "2016-07-31"]
[Round "4.71"]
[White "Robakowska, Paulina"]
[Black "Winter, Anna"]
[Result "1/2-1/2"]
[WhiteTitle "I"]
[BlackTitle "I"]
[WhiteElo "1341"]
[BlackElo "1374"]

1. c4 d6 2. Nc3 g6 3. Nf3 Bg7 4. g3 Nf6 5. Bg2 O-O 6. O-O Bg4 7. d3 Nbd7 8. Rb1
a5 9. a3 c6 10. b4 axb4 11. axb4 Qc7 12. Qc2 Rfc8 13. b5 Rab8 14. Bb2 d5 15. Qd2
Bxf3 16. Bxf3 e6 17. Bg2 Rd8 18. e3 Ne8 19. Ne2 Nd6 20. Bxg7 Kxg7 21. Qc3+ Kg8
22. cxd5 exd5 23. bxc6 Qxc6 24. Qxc6 bxc6 25. Rxb8 Rxb8 26. Rc1 Rb6 27. Bh3 Ne5
28. d4 Nec4 29. Bd7 Kf8 30. Nc3 Ke7 31. Bh3 h5 32. Bf1 Rb4 33. Bd3 f5 34. h3 Rb3
35. g4 hxg4 36. hxg4 Kf6 37. gxf5 gxf5 1/2-1/2

[Event "Druzynowe Mistrzostwa Polski Juniorow - II Liga"]
[Site "Iwonicz"]
[Date "2016-07-31"]
[Round "4.73"]
[White "Marczak, Szymon"]
[Black "Pyka, Slawomir"]
[Result "0-1"]
[WhiteTitle "I"]
[BlackTitle "I"]
[WhiteElo "1709"]
[BlackElo "1620"]

1. e4 c6 2. c4 d5 3. exd5 cxd5 4. cxd5 Qxd5 5. Nc3 Qd8 6. d4 Nf6 7. Bc4 e6 8. Nf3
Bb4 9. O-O O-O 10. Qb3 Bxc3 11. bxc3 b6 12. Ne5 Bb7 13. Ba3 Re8 14. Bb5 Nbd7 15.
Nxd7 Nxd7 16. Qa4 a6 17. Bxd7 b5 18. Bxb5 axb5 19. Qb4 Qd5 20. f3 Ra4 21. Qb3
Rea8 22. Qxd5 Bxd5 23. Bc5 Rxa2 24. Rxa2 Rxa2 25. Rb1 Bc4 26. h4 f6 27. Kh2 Kf7
28. Kh3 Ke8 29. Re1 Kd7 30. h5 Kc6 31. Bf8 g6 32. hxg6 hxg6 33. Be7 f5 34. g3
Kd7 35. Bf6 Rf2 36. Re3 g5 37. Re1 Bf1+ 38. Rxf1 Rxf1 39. Bxg5 Rxf3 40. Bd2 Rf1
41. Kg2 Rd1 42. Bh6 Rd3 43. Bg7 Rxc3 0-1

[Event "Druzynowe Mistrzostwa Polski Juniorow - II Liga"]
[Site "Iwonicz"]
[Date "2016-07-31"]
[Round "4.75"]
[White "Goszyk, Bartosz"]
[Black "Gozdzicki, Maciej"]
[Result "0-1"]
[WhiteTitle "III"]
[BlackTitle "II"]
[WhiteElo "1126"]
[BlackElo "1514"]

1. e4 c5 2. Nf3 e6 3. d4 cxd4 4. Nxd4 a6 5. Nc3 b5 6. Bd3 Bb7 7. O-O Qc7 8. Be3
Nf6 9. f3 Bc5 10. Bf2 O-O 11. Qd2 d5 12. exd5 Nxd5 13. Nxd5 Bxd5 14. Nb3 Bxf2+
15. Qxf2 Nc6 16. Qh4 h6 17. Rad1 Rac8 18. Rfe1 Ne5 19. c3 Bxf3 20. Rd2 Nxd3 21.
Rxd3 Bd5 22. Ree3 Bxb3 23. axb3 Rfd8 24. Kf2 Rxd3 25. Rxd3 Qc5+ 26. Qd4 Kf8 27.
Qxc5+ Rxc5 28. Rd6 a5 29. Ra6 b4 30. c4 Ke7 31. Ra7+ Kf6 32. Rb7 a4 33. Rxb4 axb3
34. Ke2 Ke5 35. Kd3 Kf4 36. Rb5 Rxb5 37. cxb5 Ke5 38. Kc3 Kd6 39. Kxb3 Kc5 40.
Kc3 Kxb5 41. b3 e5 42. g4 g6 43. h4 f5 44. gxf5 gxf5 45. h5 f4 46. Kd3 f3 47.
Kd2 Kb4 48. Ke1 Kxb3 49. Kd2 e4 50. Ke3 Kc3 0-1

[Event "Druzynowe Mistrzostwa Polski Juniorow - II Liga"]
[Site "Iwonicz"]
[Date "2016-07-31"]
[Round "4.76"]
[White "Majdanski, Maksymilian"]
[Black "Grzybek, Mikolaj"]
[Result "1-0"]
[WhiteTitle "II"]
[BlackTitle "III"]
[WhiteElo "1515"]
[BlackElo "1201"]

1. d4 d5 2. c4 e6 3. Nc3 Nf6 4. Bg5 c6 5. Nf3 Nbd7 6. e3 Bd6 7. cxd5 cxd5 8. Bd3
O-O 9. O-O b6 10. Qc2 h6 11. Bh4 Bb7 12. Rac1 Rc8 13. Qe2 Qe7 14. a3 Rc7 15. Nb5
Rxc1 16. Rxc1 a5 17. Nxd6 Qxd6 18. Bg3 Qe7 19. Rc7 Ba8 20. Qc2 Qd8 21. Bd6 Re8
22. Bb5 Kh8 23. Ne5 Nxe5 24. dxe5 Rg8 25. Be7 Qb8 26. exf6 g6 27. Qc1 Kh7 28.
e4 dxe4 29. Bd6 Qxc7 30. Qxc7 Bd5 31. Qxf7+ Kh8 32. Be5 h5 33. Qa7 Rf8 34. Qg7#
1-0

[Event "Druzynowe Mistrzostwa Polski Juniorow - II Liga"]
[Site "Iwonicz"]
[Date "2016-07-31"]
[Round "4.77"]
[White "Zamarska, Sylwia"]
[Black "Krzywnicka, Maria"]
[Result "1/2-1/2"]
[WhiteTitle "I+"]
[BlackTitle "I+"]
[WhiteElo "1601"]
[BlackElo "1685"]

1. d4 Nf6 2. c4 c5 3. d5 e6 4. Nc3 exd5 5. cxd5 d6 6. e4 g6 7. Nf3 Bg7 8. Be2 Bg4
9. Nd2 Bxe2 10. Qxe2 O-O 11. Nc4 a6 12. a4 Qc7 13. Bf4 Rd8 14. h3 Ne8 15. a5 Nd7
16. Na4 Ne5 17. Nab6 Rab8 18. Nxe5 dxe5 19. Be3 Nd6 20. Qc2 f5 21. f3 fxe4 22.
fxe4 Qe7 23. O-O Qh4 24. Ra4 c4 25. Rxc4 Nxc4 26. Qxc4 Kh8 27. Bc5 Bf8 28. Bxf8
Rxf8 29. Nd7 Rxf1+ 30. Qxf1 31. Rd8 32. Nxe5 Re8 33. Ng4 Rf8 1/2-1/2

[Event "Druzynowe Mistrzostwa Polski Juniorow - II Liga"]
[Site "Iwonicz"]
[Date "2016-07-31"]
[Round "4.78"]
[White "Partyka, Justyna"]
[Black "Szczypka, Weronika"]
[Result "1-0"]
[WhiteTitle "II"]
[BlackTitle "II"]
[WhiteElo "1150"]
[BlackElo "1179"]

1. d4 d5 2. c4 e6 3. Nf3 Nf6 4. Bg5 Be7 5. e3 h6 6. Bh4 O-O 7. Nc3 b6 8. Bd3 Bb7
9. O-O Nbd7 10. Qe2 Rc8 11. e4 dxe4 12. Nxe4 Nxe4 13. Bxe7 Qxe7 14. Bxe4 Bxe4
15. Qxe4 Nf6 16. Qd3 Rfd8 17. Rfe1 c6 18. Ne5 Qc7 19. Rad1 Rd6 20. Qg3 Rcd8 21.
Nf3 Qc8 22. Qh4 Qa6 23. Ne5 Qxa2 24. Ra1 Qxb2 25. Rxa7 Qxd4 26. Qxd4 Rxd4 27.
Nxc6 Rd1 28. Kf1 Rxe1+ 29. Kxe1 Rd7 30. Ra8+ Kh7 31. Ne5 Rc7 32. Rb8 Nd7 33. Nxd7
Rxd7 34. Rxb6 Rc7 35. Rb4 Kg6 36. Kd2 Kf5 37. Kd3 Ke5 38. Rb5+ Kd6 39. Kd4 f6
40. c5+ Kc6 41. Rb6+ Kd7 42. g3 Ra7 43. Rd6+ Ke7 44. Rb6 Ra4+ 45. Kc3 e5 46. Rb7+
Ke6 47. Rxg7 Kd5 48. Rf7 Kxc5 49. Rxf6 Ra3+ 50. Kd2 Kd4 51. Rxh6 Ra2+ 52. Ke1
Ke4 53. Rf6 Kd4 54. h4 e4 55. Rd6+ Ke5 56. Rd2 Ra3 57. Kf1 Rf3 58. Kg2 Kf5 59.
Rd5+ Kg4 60. Rg5# 1-0

[Event "Druzynowe Mistrzostwa Polski Juniorow - II Liga"]
[Site "Iwonicz"]
[Date "2016-07-31"]
[Round "4.79"]
[White "Szustakowski, Antoni"]
[Black "Hasterok, Mateusz"]
[Result "1-0"]
[WhiteTitle "I++"]
[BlackTitle "II+"]
[WhiteElo "2033"]
[BlackElo "1695"]

1. d4 Nf6 2. c4 e5 3. dxe5 Ng4 4. Bf4 g5 5. Bg3 Bg7 6. Nf3 Nc6 7. h4 Ngxe5 8. Nxe5
Nxe5 9. Nc3 d6 10. e3 g4 11. h5 h6 12. Bh4 Bf6 13. Bxf6 Qxf6 14. Nd5 Qd8 15. Qd4
c6 16. Nc3 c5 17. Qd2 Be6 18. Ne4 O-O 19. Qxd6 Qa5+ 20. Nc3 Nxc4 21. Bxc4 Bxc4
22. Qxh6 Qb6 23. Qg5+ Kh8 24. O-O-O Qe6 25. Qxc5 Rac8 26. Qd4+ f6 27. Kb1 Rcd8
28. Qf4 f5 29. Rd4 Bd3+ 30. Ka1 Be4 31. Nxe4 fxe4 32. Rxd8 Rxd8 33. Rc1 b5 34.
Qc7 Qf6 35. Kb1 Rf8 36. Rc6 Qf7 37. Qe5+ Kh7 38. Qg5 Qg7 39. Rg6 1-0

[Event "Druzynowe Mistrzostwa Polski Juniorow - II Liga"]
[Site "Iwonicz"]
[Date "2016-07-31"]
[Round "4.80"]
[White "Charczenko, Dominik"]
[Black "Kozlowski, Bartlomiej"]
[Result "1-0"]
[WhiteTitle "II"]
[BlackTitle "II"]
[WhiteElo "1596"]
[BlackElo "1474"]

1. e4 e5 2. Nf3 Nc6 3. Bb5 Bc5 4. O-O Nge7 5. c3 a6 6. Ba4 b5 7. Bc2 d6 8. d4 exd4
9. cxd4 Bb6 10. Nc3 Bg4 11. Be3 Bxf3 12. Qxf3 Bxd4 13. Rad1 Ne5 14. Qg3 Bxe3 15.
Qxe3 N7g6 16. f4 Nc4 17. Qc1 Ne7 18. b3 Nb6 19. e5 d5 20. f5 f6 21. exf6 gxf6
22. Qh6 Qd6 23. Ne4 Qc6 24. Nxf6+ Kf7 25. Ng4 Qxh6 26. Nxh6+ Kf6 27. Rde1 Rae8
28. Re6+ Kg7 29. Rfe1 Nbc8 30. f6+ Kxh6 31. f7+ Kg7 32. fxe8=Q Rxe8 33. Rxa6 c6
34. Rxc6 Nxc6 35. Rxe8 N8e7 36. Ra8 h6 37. a4 bxa4 38. bxa4 d4 39. Be4 Kf6 40.
Bxc6 Nxc6 41. Ra6 1-0

[Event "Druzynowe Mistrzostwa Polski Juniorow - II Liga"]
[Site "Iwonicz"]
[Date "2016-07-31"]
[Round "4.85"]
[White "Stochnialek, Dominika"]
[Black "Tokarz, Krzysztof"]
[Result "1/2-1/2"]
[WhiteTitle "I"]
[BlackTitle "II+"]
[WhiteElo "1439"]
[BlackElo "1637"]

1. e4 e6 2. d4 d5 3. Nc3 Nf6 4. e5 Nfd7 5. f4 c5 6. Nf3 Nc6 7. Be3 Be7 8. Qd2 a6
9. O-O-O O-O 10. g4 b5 11. dxc5 Bxc5 12. h4 Bb7 13. Bxc5 Nxc5 14. Nd4 b4 15. Nb1
Ne4 16. Qe3 Qb6 17. Bg2 Rfd8 18. Rhe1 a5 19. Bxe4 dxe4 20. Nxc6 Qxc6 21. Re2 Rxd1+
22. Kxd1 Rc8 23. Rd2 Qc4 24. Kc1 Bd5 25. b3 Qb5 26. Kb2 a4 27. c4 bxc3+ 28. Nxc3
Qc6 29. Rc2 axb3 30. axb3 g6 31. Qd4 h6 32. Qd2 Qb7 33. Nxd5 Rxc2+ 34. Kxc2 exd5
35. Qd4 Qb5 36. g5 hxg5 37. hxg5 1/2-1/2

[Event "Druzynowe Mistrzostwa Polski Juniorow - II Liga"]
[Site "Iwonicz"]
[Date "2016-07-31"]
[Round "4.86"]
[White "Szczuraszyk, Jaroslaw"]
[Black "Kus, Aleksander"]
[Result "0-1"]
[WhiteTitle "II"]
[BlackTitle "I"]
[WhiteElo "1643"]
[BlackElo "1818"]

1. d4 f5 2. g3 Nf6 3. Bg2 e6 4. Nf3 c6 5. O-O d5 6. Bf4 Nbd7 7. c3 b6 8. Nbd2 Be7
9. Ng5 Nf8 10. Nb3 h6 11. Nf3 g5 12. Bd2 Ng6 13. Ne1 Bd6 14. Nc2 Qe7 15. Re1 g4
16. Qc1 h5 17. Bg5 h4 18. Nd2 Qg7 19. Bxf6 Qxf6 20. c4 hxg3 21. hxg3 f4 22. cxd5
fxg3 23. f3 Qh4 24. e3 Qh2+ 25. Kf1 Ba6+ 0-1

[Event "Druzynowe Mistrzostwa Polski Juniorow - II Liga"]
[Site "Iwonicz"]
[Date "2016-07-31"]
[Round "4.87"]
[White "Poltorak, Sebastian"]
[Black "Mazurek, Bartosz"]
[Result "1-0"]
[WhiteTitle "I"]
[BlackTitle "II"]
[WhiteElo "1707"]
[BlackElo "1462"]

1. d4 d5 2. c4 e6 3. Nc3 Nf6 4. cxd5 exd5 5. Bg5 Be7 6. e3 O-O 7. Bd3 c6 8. Qc2
Nbd7 9. Nge2 Re8 10. O-O Nf8 11. f3 Ng6 12. Rae1 Nh5 13. Bxe7 Rxe7 14. e4 dxe4
15. fxe4 Nf6 16. h3 Be6 17. Qd2 Qd7 18. Qe3 Rd8 19. b4 b6 20. Qg3 Nh5 21. Qf3
Nhf4 22. Rd1 Nxd3 23. Qxd3 Qd6 24. Qb1 Bc4 25. e5 Qc7 26. Rfe1 Bxe2 27. Rxe2 Qb7
28. Qe4 Qc8 29. Qe3 h6 30. Qg3 Re6 31. Rdd2 Ne7 32. Ne4 Nf5 33. Qf2 Ne7 34. Nd6
Rexd6 35. exd6 Nd5 36. Qg3 Nxb4 37. Re4 Nd5 38. Rf2 g6 39. h4 h5 40. Re5 Rxd6
41. Rxh5 Rf6 42. Rxf6 Nxf6 43. Re5 Qd7 44. Qc3 Qd6 45. g3 Nd5 46. Qd2 f6 47. Re8+
Kf7 48. Qe1 Ne7 49. Rh8 Kg7 50. Re8 Kf7 51. Rh8 Kg7 52. Ra8 Qxd4+ 53. Kh1 Qd5+
54. Kg1 Qd4+ 55. Kh1 Qd5+ 56. Kg1 Qd4+ 57. Qf2 Qd7 58. Qe2 b5 59. Qf2 Nc8 60.
Qf4 Nd6 61. Qd4 c5 62. Qxc5 Nf7 63. Rxa7 Qd1+ 64. Kg2 Qe2+ 65. Qf2 Qe4+ 66. Kh2
b4 67. Qd2 Qc4 68. Rb7 Qc5 69. Rxb4 Qa7 70. Qb2 Qe3 71. Rb7 g5 72. Rxf7+ Kxf7
73. Qb3+ Qxb3 74. axb3 gxh4 75. gxh4 Ke6 76. Kg3 f5 77. Kf4 1-0

[Event "Druzynowe Mistrzostwa Polski Juniorow - II Liga"]
[Site "Iwonicz"]
[Date "2016-07-31"]
[Round "4.89"]
[White "Andrzejewska, Maja"]
[Black "Tomaszek, Katarzyna"]
[Result "1-0"]
[WhiteTitle "II"]
[BlackTitle "II"]
[WhiteElo "1298"]
[BlackElo "1124"]

1. e4 c6 2. c4 d5 3. cxd5 cxd5 4. Bb5+ Bd7 5. Qa4 dxe4 6. Nc3 Nf6 7. Bxd7+ Qxd7
8. Qxd7+ Nbxd7 9. Nb5 Rc8 10. Nxa7 Rc5 11. a4 Ra5 12. Nb5 Nc5 13. f3 Nb3 14. Rb1
Rxa4 15. Nc3 Ra1 16. Rxa1 Nxa1 17. Nxe4 e5 18. Ne2 Be7 19. O-O Kd7 20. Rd1 Nb3
21. d4 exd4 22. Nxd4 Nxd4 23. Rxd4+ Kc6 24. Bg5 h6 25. Bxf6 Bxf6 26. Nxf6 gxf6
27. Rf4 Rd8 28. Rxf6+ Rd6 29. Rxf7 Rd1+ 30. Kf2 Rd2+ 31. Kg3 Rxb2 32. Rf6+ Kd5
33. Rxh6 b5 34. h4 b4 35. h5 Ra2 36. Rb6 Kc4 37. h6 Ra8 38. Kf4 b3 39. g4 Rf8+
40. Ke3 Rd8 41. h7 Rh8 42. Rb7 Kc3 43. Rc7+ Kb2 44. g5 Kb1 45. g6 b2 46. Rb7 Kc2
47. Rxb2+ Kxb2 48. g7 Rxh7 49. g8=Q Re7+ 50. Kf2 Rb7 51. Qh8+ Ka2 52. f4 Rb2+
53. Qxb2+ Kxb2 54. f5 1-0

[Event "Druzynowe Mistrzostwa Polski Juniorow - II Liga"]
[Site "Iwonicz"]
[Date "2016-07-31"]
[Round "4.90"]
[White "Scisla, Oliwia"]
[Black "Roszkiewicz, Anna"]
[Result "0-1"]
[WhiteTitle "I"]
[BlackTitle "I"]
[WhiteElo "1148"]
[BlackElo "1445"]

1. e4 c5 2. Nf3 d6 3. d3 Nc6 4. Be2 Nf6 5. Bg5 e6 6. c3 Be7 7. O-O O-O 8. Nbd2
b5 9. Qc2 a6 10. a3 Bb7 11. h3 Rc8 12. Rfe1 Qc7 13. Rac1 Rfd8 14. b4 Nh5 15. Bxe7
Qxe7 16. Qb2 Nf4 17. Nf1 Qf6 18. Ng3 cxb4 19. axb4 Rc7 20. Rc2 Rdc8 21. Rec1 Ne5
22. Nxe5 Qxe5 23. Bf3 Nxd3 24. Qb3 Nxc1 25. Rxc1 Rxc3 26. Rxc3 Qxc3 27. Qxc3 Rxc3
28. Ne2 Rc4 29. Ng3 Rxb4 30. Kf1 a5 31. Be2 Rb1+ 32. Bd1 Rxd1+ 33. Ke2 Rc1 34.
Kd2 Rc4 35. Kd3 a4 36. f3 a3 37. Ne2 a2 38. Nc3 Rxc3+ 39. Kxc3 a1=Q+ 40. Kb4 Qa4+
41. Kc3 Qc4+ 42. Kb2 b4 43. Kb1 Qe2 44. Ka1 b3 45. Kb1 Qc2+ 46. Ka1 Qa2# 0-1

[Event "Druzynowe Mistrzostwa Polski Juniorow - II Liga"]
[Site "Iwonicz"]
[Date "2016-07-31"]
[Round "5.1"]
[White "Molenda, Marcin"]
[Black "Klementowski, Dawid"]
[Result "1-0"]
[WhiteTitle "k"]
[BlackTitle "I"]
[WhiteElo "2267"]
[BlackElo "2000"]

1. d4 Nf6 2. Nf3 c5 3. d5 b5 4. Bg5 Qb6 5. Bxf6 Qxf6 6. c3 d6 7. a4 b4 8. e4 g6
9. Qc2 a5 10. Be2 Bg7 11. O-O O-O 12. Rc1 Ba6 13. Bxa6 Nxa6 14. Nbd2 Nc7 15. Nc4
Qf4 16. Qd3 Ra7 17. Re1 f6 18. Nfd2 f5 19. Nf3 g5 20. exf5 Rxf5 21. Re4 Rxd5 22.
Qe2 Qf8 23. Ne3 bxc3 24. bxc3 Bxc3 25. Nxd5 Nxd5 26. Rd1 Nf4 27. Qc4+ d5 28. Rxd5
Nxd5 29. Qxd5+ Qf7 30. Qxg5+ Qg6 31. Qd5+ Kh8 32. Ne5 Qb6 33. h3 e6 34. Qc4 Bd4
35. Nf3 e5 36. Qd5 Qb1+ 37. Kh2 Qb8 38. Qe6 Qf8 39. Rg4 Rg7 40. Rxg7 Kxg7 41.
Kg1 Qf7 42. Qg4+ Qg6 43. Qd7+ Qf7 44. Qc6 Qe7 45. Nd2 Qf6 46. Qd7+ Qf7 47. Qg4+
Qg6 48. Nc4 Qxg4 49. hxg4 Bc3 50. Kf1 Kf6 51. Ke2 Ke6 52. Kd3 Be1 53. f3 Kd5 54.
Ne3+ Kd6 55. Ke4 Ke6 56. Nc4 Bc3 57. g5 Ba1 58. Nxa5 Bb2 59. Nc4 Bc1 60. a5 Kd7
61. Nxe5+ Kc7 62. f4 Kb7 63. Nd3 Ba3 64. Kd5 Ka6 65. Nxc5+ Kxa5 66. Nd7 Bc1 67.
Ke4 Kb5 68. Nf6 Kc6 69. Nxh7 Kd7 70. Kf5 Ke7 71. g6 1-0

[Event "Druzynowe Mistrzostwa Polski Juniorow - II Liga"]
[Site "Iwonicz"]
[Date "2016-07-31"]
[Round "5.3"]
[White "Galuszka, Tomasz"]
[Black "Grochol, Kamil"]
[Result "1/2-1/2"]
[WhiteTitle "II+"]
[BlackTitle "II+"]
[WhiteElo "1768"]
[BlackElo "1648"]

1. e4 c5 2. Nf3 Nc6 3. d4 cxd4 4. Nxd4 e5 5. Nb5 d6 6. N1c3 Nf6 7. Nd5 Nxd5 8.
exd5 Nb8 9. c4 Be7 10. Be2 O-O 11. O-O a6 12. Nc3 Bf5 13. Be3 Nd7 14. b4 Bg6 15.
Qb3 f5 16. f4 Kh8 17. Kh1 Rc8 18. Rac1 Bf6 19. Na4 exf4 20. Bxf4 Be5 21. Nb2 Qh4
22. Nd3 Rfe8 23. g3 Qd8 24. Bxe5 Nxe5 25. Nf4 Bf7 26. Bd3 g6 27. Be2 a5 28. a3
axb4 29. axb4 Qb6 30. Qb2 Kg8 31. Qd2 Nd7 32. Ne6 Bxe6 33. dxe6 Nf6 34. Bf3 Rxe6
35. c5 dxc5 36. bxc5 Qc7 37. Qa2 Rce8 38. c6 b6 1/2-1/2

[Event "Druzynowe Mistrzostwa Polski Juniorow - II Liga"]
[Site "Iwonicz"]
[Date "2016-07-31"]
[Round "5.4"]
[White "Marciniszyn, Maciej"]
[Black "Gazik, Jakub"]
[Result "1/2-1/2"]
[WhiteTitle "II+"]
[BlackTitle "II"]
[WhiteElo "1523"]
[BlackElo "1509"]

1. c4 e5 2. Nc3 Nf6 3. e3 Nc6 4. Nf3 Be7 5. a3 O-O 6. Be2 d5 7. cxd5 Nxd5 8. Qc2
Kh8 9. b4 a6 10. Bb2 f5 11. Nxd5 Qxd5 12. Bc4 Qd6 13. d4 e4 14. Nd2 Be6 15. Rd1
Bxc4 16. Nxc4 Qg6 17. O-O b5 18. Ne5 Nxe5 19. dxe5 c6 20. Rd7 Qe6 21. Rfd1 Rfd8
22. Rxd8+ Rxd8 23. Rxd8+ Bxd8 24. Bd4 Be7 25. h3 h6 26. Bc5 Qxe5 27. Bxe7 Qxe7
28. Qxc6 Qf6 29. Qxf6 gxf6 30. Kh2 Kg7 31. Kg3 Kf7 32. Kf4 Ke6 33. h4 Kd5 34.
Kxf5 Kc4 35. Kxf6 Kb3 36. g4 Kxa3 37. g5 Kxb4 38. g6 a5 39. g7 a4 40. g8=Q Ka3
41. Qc8 b4 42. Qc1+ Kb3 43. Qb1+ Ka3 44. Ke5 b3 45. Kxe4 b2 46. Qc2 h5 47. f4
b1=Q 48. Qxb1 1/2-1/2

[Event "Druzynowe Mistrzostwa Polski Juniorow - II Liga"]
[Site "Iwonicz"]
[Date "2016-07-31"]
[Round "5.5"]
[White "Kordela, Monika"]
[Black "Kucharska, Honorata"]
[Result "0-1"]
[WhiteTitle "I"]
[BlackTitle "k"]
[WhiteElo "1783"]
[BlackElo "1855"]

1. d4 Nf6 2. c4 d6 3. Nc3 Nbd7 4. e4 e5 5. d5 Nc5 6. f3 a5 7. Be3 Be7 8. Nge2 O-O
9. Qd2 Ne8 10. g4 g6 11. Ng3 Ng7 12. Be2 f5 13. gxf5 gxf5 14. exf5 Bxf5 15. O-O-O
Bh4 16. Rhg1 Bg6 17. Bh6 Rf7 18. Rdf1 Bxg3 19. hxg3 Nf5 20. Bg5 Qd7 21. Ne4 Nxe4
22. fxe4 Nd4 23. Rxf7 Bxf7 24. Bf6 Bg6 25. Qe3 Rf8 26. Rf1 Qa4 27. Bd3 Qxa2 28.
Rf2 Nb3+ 29. Kc2 Nc5 30. g4 Qb3+ 31. Kd2 Qxb2+ 32. Kd1 Qa1+ 33. Ke2 Nxd3 34. Qxd3
Qh1 35. Ke3 Qh3+ 36. Rf3 Qxg4 37. Rf2 Qg3+ 38. Rf3 Qe1+ 39. Qe2 Qxe2+ 40. Kxe2
Bh5 0-1

[Event "Druzynowe Mistrzostwa Polski Juniorow - II Liga"]
[Site "Iwonicz"]
[Date "2016-07-31"]
[Round "5.6"]
[White "Cieslak, Jessica"]
[Black "Adamczyk, Zuzanna"]
[Result "0-1"]
[WhiteTitle "II"]
[BlackTitle "I"]
[WhiteElo "1189"]
[BlackElo "1672"]

1. e4 c5 2. c4 e6 3. Nc3 Nc6 4. g3 g6 5. Bg2 Bg7 6. Nge2 Nge7 7. O-O O-O 8. d3
d6 9. Be3 Rb8 10. a4 Nd4 11. Qd2 Nb3 12. Qc2 Nxa1 13. Rxa1 Nc6 14. Rd1 Nd4 15.
Qd2 Bd7 16. Bxd4 cxd4 17. Nb5 Bxb5 18. axb5 Qb6 19. b4 Rfc8 20. Nf4 Bh6 21. Bh3
Re8 22. Qe2 Bxf4 23. gxf4 f5 24. Qf3 Rbc8 25. exf5 exf5 26. Qg2 Kh8 27. Qg5 Re6
28. Kh1 Rce8 29. Rg1 Qc7 30. Bxf5 gxf5 31. Qxf5 Qe7 32. Qd5 b6 33. f5 Re5 34.
Qxd4 Qb7+ 35. Rg2 Rg8 36. f3 Qxf3 37. Qf2 Re1+ 0-1

[Event "Druzynowe Mistrzostwa Polski Juniorow - II Liga"]
[Site "Iwonicz"]
[Date "2016-07-31"]
[Round "5.7"]
[White "Raczynski, Krzysztof"]
[Black "Czerniawski, Krzysztof"]
[Result "1/2-1/2"]
[WhiteTitle "I++"]
[BlackTitle "I"]
[WhiteElo "2074"]
[BlackElo "1904"]

1. e4 d5 2. exd5 Qxd5 3. Nc3 Qa5 4. d4 Nf6 5. Nf3 c6 6. Bc4 Bf5 7. O-O e6 8. Re1
Be7 9. Bd2 Qd8 10. h3 O-O 11. Bb3 Nbd7 12. Nh4 Bg6 13. Nxg6 hxg6 14. Qf3 Nb6 15.
Ne2 a5 16. a4 c5 17. dxc5 Nxa4 18. Bxa5 Qxa5 19. Nc3 Qxc5 20. Rxa4 Rxa4 21. Nxa4
Qb4 22. Nc3 Rd8 23. Rd1 Rxd1+ 24. Qxd1 Bc5 25. Qf3 Qd4 26. g3 e5 27. Nd5 e4 28.
Nxf6+ gxf6 29. Qe2 Kg7 30. Kg2 f5 31. c3 Qf6 32. Bd5 b6 33. b4 Bd6 34. Qe3 Be5
35. c4 Bc3 36. b5 Bd4 37. Qe2 Bc5 38. h4 Qe5 39. Bc6 e3 40. fxe3 Qxe3 41. Qxe3
Bxe3 42. Kf3 Bc5 43. Bd5 1/2-1/2

[Event "Druzynowe Mistrzostwa Polski Juniorow - II Liga"]
[Site "Iwonicz"]
[Date "2016-07-31"]
[Round "5.8"]
[White "Fudalej, Slawomir"]
[Black "Kaminski, Piotr"]
[Result "1-0"]
[WhiteTitle "I"]
[BlackTitle "I"]
[WhiteElo "1597"]
[BlackElo "1902"]

1. e4 c5 2. Nf3 Nc6 3. Bb5 g6 4. O-O Bg7 5. c3 e5 6. Bxc6 dxc6 7. d3 Bg4 8. h3
Bxf3 9. Qxf3 Nf6 10. Nd2 O-O 11. Nb3 Qe7 12. Bg5 b6 13. Rfe1 h6 14. Bh4 Qe6 15.
d4 cxd4 16. cxd4 Nh5 17. Rad1 Nf4 18. Bg3 Nh5 19. Bh2 exd4 20. g4 Nf6 21. Nxd4
Qxa2 22. Nxc6 Nh7 23. Bd6 Ng5 24. Qd3 Rfe8 25. f4 Ne6 26. b4 Qa4 27. Ne7+ Kh7
28. f5 Nf8 29. Qd5 Rxe7 30. Bxe7 Re8 31. Qxf7 Qa3 32. Re2 Qxh3 33. Rg2 Qe3+ 34.
Kh2 Qf4+ 35. Kh1 Qf3 36. fxg6+ Nxg6 37. Qxf3 Rxe7 38. g5 1-0

[Event "Druzynowe Mistrzostwa Polski Juniorow - II Liga"]
[Site "Iwonicz"]
[Date "2016-07-31"]
[Round "5.9"]
[White "Mietkiewicz, Jacek"]
[Black "Maciak, Jakub"]
[Result "1/2-1/2"]
[WhiteTitle "I"]
[BlackTitle "II"]
[WhiteElo "1687"]
[BlackElo "1582"]

1. d4 Nf6 2. c4 e6 3. Nc3 d5 4. e3 c6 5. Nf3 Bd6 6. Bd3 Nbd7 7. O-O O-O 8. e4 dxe4
9. Nxe4 Nxe4 10. Bxe4 h6 11. Be3 e5 12. Rc1 exd4 13. Qxd4 Bc5 14. Qd2 Bxe3 15.
Qxe3 Nf6 16. Bb1 Re8 17. Qb3 c5 18. Rcd1 Qc7 19. Rfe1 Bd7 20. h3 Bc6 21. Nh4 Qa5
22. Rxe8+ Rxe8 23. Qc3 Qxc3 24. bxc3 Ba4 25. Rc1 Ne4 26. Bc2 Nxc3 27. Bxa4 Nxa4
28. Rc2 Re4 29. Nf5 Nb6 30. Nd6 Re7 31. f3 f6 32. Kf2 Rd7 33. Ne4 Rc7 34. Nd6
Nc8 35. Nf5 b6 36. Rd2 Ne7 37. Ne3 Kf7 38. Rd6 Ke8 39. a4 Rd7 40. Rxd7 Kxd7 41.
f4 h5 42. g4 hxg4 43. hxg4 Ke6 44. Kf3 a6 45. Ke4 g6 46. f5+ gxf5+ 47. gxf5+ Kd6
48. Ng4 Ng8 49. Ne3 Kc6 50. Ng4 b5 51. cxb5+ axb5 52. axb5+ Kxb5 53. Kd5 c4 54.
Ne3 c3 55. Kd4 Kb4 56. Nd5+ Kb3 57. Nxc3 Ne7 58. Nd5 Nxf5+ 59. Kd3 1/2-1/2

[Event "Druzynowe Mistrzostwa Polski Juniorow - II Liga"]
[Site "Iwonicz"]
[Date "2016-07-31"]
[Round "5.11"]
[White "Szelag, Zuzanna"]
[Black "Wilant, Marta"]
[Result "1-0"]
[WhiteTitle "I++"]
[BlackTitle "II"]
[WhiteElo "1732"]
[BlackElo "1306"]

1. e4 e5 2. Nf3 Nc6 3. Bb5 a6 4. Ba4 Bc5 5. c3 b5 6. Bb3 d6 7. d4 Bb6 8. dxe5 Nxe5
9. Nxe5 dxe5 10. Bxf7+ Ke7 11. Bd5 Qf8 12. O-O Ra7 13. Qh5 Kd6 14. Bxg8 Qxg8 15.
Rd1+ Kc6 16. Qxe5 Qf7 17. Qd5+ Qxd5 18. exd5+ Kd7 19. Bf4 Bc5 20. Nd2 Re8 21.
Nb3 Bb6 22. Re1 Rxe1+ 23. Rxe1 Bb7 24. Bg5 Bxd5 25. Re7+ Kd6 26. Rxg7 c6 27. Rxa7
Bxa7 28. Be3 Bxe3 29. fxe3 c5 30. Kf2 Kc6 31. g4 Kb6 32. Nc1 a5 33. a3 1-0